00668nam a22001817a 450000500170000001000150001702000110003203500130004303700130005608200140006924500540008326000420013727001010017930000220028094200280030299900170033095201390034720100821144348.0 aENG-101246 c140.00 aEN-84879 bDBAD/PUB a347.00954 aThe sashastra seema bal act, 2007 :b53 of 2007 / aDelhibUniversal Law Publishingc2010 aC-FF-1A, Dilkush Industrial Estate, (Near Azadpur Metro Station) G.T. Karnal RoadbDelhie110033 a126p.c24cm (pbk) 2ddccENh347.00954mSAS c42915d42915 001040718NFICaDBADbDBADd2010-08-21eDBAD/PUBg140.00l0o347.00954 SASpEN-84779r2010-08-21 00:00:00t1v140.00w2010-08-21yEN